| 000 | 00794cam a22002411 4500 | ||
|---|---|---|---|
| 001 | he 68001226 | ||
| 003 | DLC | ||
| 005 | 20260227111457.0 | ||
| 008 | 911003s1967 is f 000 0 heb | ||
| 010 | _ahe 68001226 | ||
| 035 | _a(OCoLC)24493329 | ||
| 040 |
_aDLC _cCU _dCU _dDLC |
||
| 050 | 0 | 0 |
_aNC1257.T3 _bA8 |
| 100 | 2 | _aTal-Baron, Carmela. | |
| 245 | 1 | 0 |
_aOr shel pil; _bretsef-rishumim _cme-et Karmelah Ṭal, ʻim iyurimiluliyim me-et Daṿid Avidan. |
| 260 |
_a[Tel-Aviv] _bha-Meʼah ha-sheloshim _c[1967] |
||
| 300 |
_a8 plates. _c31 cm. |
||
| 500 | _aCover title. | ||
| 500 | _aAdded t. p.: Elephantasy; a sequence of drawings by Carmela Tal with verbal-lustrations by David Avidan. | ||
| 500 | _aText on versos of plates. | ||
| 700 | 1 | _aAvidan, David. | |
| 740 | 0 | _aElephantasy. | |
| 999 |
_c33224 _d33224 |
||